000 00332nam a22001337a 4500
008 260213b |||||||| |||| 00| 0 eng d
020 _a9788172850623
082 _a891.43 KAR
100 _aKaaranta, Shivarama K
245 _aMookajjiya Kanasugalu
260 _aBengaluru
_bDeepak S Shah
_c1968
300 _a272 pages
942 _cC
999 _c65598
_d65598